00413nam a2200157 a 45000010005000000030009000050080041000140400028000550820019000831000024001022450031001262600035001573000010001924900034002026500019002366270CO-ViMGA141112s2004 ck r 000 u spa d aCO-ViMGAbspacCO-ViMGA04a823.914 C417cu1 aChase, James Hadley10aLos culpables tienen miedo aBuenos Aires : bEmece, c1991 a265 p aGrandes maestros del suspenso14aNOVELA INGLESA